[Event "HUN-chT2 Szechenyi 1718"]
[Site "Hungary"]
[Date "2017.11.26"]
[Round "2.9"]
[White "Holczbauer, Florian"]
[Black "Arany, Tamas"]
[Result "1-0"]
[WhiteElo "1728"]
[BlackElo "1842"]
[PlyCount "69"]
[EventDate "2017.10.29"]
[EventType "team-tourn"]
[EventRounds "9"]
[EventCountry "HUN"]
[SourceTitle "EXT 2021"]
[Source "ChessBase"]
[SourceDate "2020.10.23"]
[SourceVersion "1"]
[SourceVersionDate "2020.10.23"]
[SourceQuality "1"]
[WhiteTeam "Ajka ASSE"]
[BlackTeam "Arboretum"]
[WhiteTeamCountry "HUN"]
[BlackTeamCountry "HUN"]

1. d4 Nf6 2. Nf3 g6 3. c4 d5 4. Bf4 Bg7 5. Nc3 a6 6. e3 0-0 7. Bd3 Nc6 8. 0-0 Nb4 9. cxd5 Nxd3 10. Qxd3 Nxd5 11. Nxd5 Qxd5 12. Bxc7 Bf5 13. Qb3 Qe4 14. Rac1 b5 15. Rc5 Qb7 16. Nd2 Rac8 17. Rfc1 Be6 18. Qd3 Bc4 19. Nxc4 Rxc7 20. Na5 Rxc5 21. Rxc5 Qb6 22. Nc6 e6 23. b4 Re8 24. e4 Bf8 25. Rc2 Qb7 26. d5 Qd7 27. g3 Rc8 28. Qf3 exd5 29. Ne5 Qe8 30. Rxc8 Qxc8 31. Qxf7+ Kh8 32. Qxd5 Kg7 33. a3 Kh6 34. Qd2+ g5 35. h4 1-0

[Event "HUN-chT2 Szechenyi 1516"]
[Site "Hungary"]
[Date "2015.09.13"]
[Round "1.7"]
[White "Deak, Laszlo"]
[Black "Arany, Tamas"]
[Result "1/2-1/2"]
[WhiteElo "1897"]
[BlackElo "1832"]
[PlyCount "85"]
[EventDate "2015.09.13"]
[EventType "team-tourn"]
[EventRounds "11"]
[EventCountry "HUN"]
[SourceTitle "CBM 170 Extra"]
[Source "ChessBase"]
[SourceDate "2016.02.25"]
[SourceVersion "1"]
[SourceVersionDate "2016.02.25"]
[SourceQuality "1"]
[WhiteTeam "Zala Volan"]
[BlackTeam "Arboretum"]
[WhiteTeamCountry "HUN"]
[BlackTeamCountry "HUN"]

1. e4 c6 2. Nc3 d5 3. Qf3 dxe4 4. Nxe4 Nf6 5. Bc4 Qd4 6. d3 e6 7. Ne2 Qd8 8. Bg5 Be7 9. Nxf6+ Bxf6 10. Bxf6 Qxf6 11. Qxf6 gxf6 12. d4 Nd7 13. 0-0-0 f5 14. Rhe1 Nf6 15. Nf4 0-0 16. c3 b6 17. Nd3 Bb7 18. Ne5 Rad8 19. f3 Rd6 20. g4 fxg4 21. fxg4 Nd7 22. g5 Rd8 23. Bb3 Nxe5 24. dxe5 Rxd1+ 25. Rxd1 Rxd1+ 26. Kxd1 c5 27. Bc2 Bf3+ 28. Kd2 Kg7 29. Ke3 Bh5 30. h4 Bg4 31. Kf4 Be2 32. Be4 Bb5 33. h5 h6 34. g6 Be2 35. gxf7 Bxh5 36. Kg3 Kxf7 37. Kh4 Be2 38. Kg3 h5 39. Kh4 Bg4 40. Kg5 Kg7 41. Bc6 Kf7 42. Be4 Ke7 43. Bc6 1/2-1/2

[Event "HUN-chT2 Szechenyi 1213"]
[Site "Hungary"]
[Date "2012.11.18"]
[Round "4.8"]
[White "Arany, Tamas"]
[Black "Domonkos, Andras"]
[Result "0-1"]
[WhiteElo "1840"]
[BlackElo "1941"]
[PlyCount "88"]
[EventDate "2012.09.16"]
[EventType "team-tourn"]
[EventRounds "11"]
[EventCountry "HUN"]
[SourceTitle "EXT 2014"]
[Source "ChessBase"]
[SourceDate "2013.11.20"]
[SourceVersion "1"]
[SourceVersionDate "2013.11.20"]
[SourceQuality "1"]
[WhiteTeam "Arboretum"]
[BlackTeam "Veszprem"]
[WhiteTeamCountry "HUN"]
[BlackTeamCountry "HUN"]

1. e4 c5 2. Nc3 d6 3. f4 Nf6 4. Nf3 Nc6 5. Bc4 Bg4 6. d3 a6 7. h3 Bxf3 8. Qxf3 Nd4 9. Qf2 e6 10. Be3 b5 11. Bb3 Nxb3 12. axb3 b4 13. Na4 Qc7 14. g4 g6 15. 0-0 Bg7 16. Qd2 Nd7 17. c3 Rb8 18. f5 0-0 19. Bh6 d5 20. Bf4 e5 21. Bh6 dxe4 22. dxe4 Qc6 23. Bxg7 Kxg7 24. g5 f6 25. h4 Rfd8 26. Qe3 bxc3 27. Nxc3 Rxb3 28. Qe2 c4 29. Qf2 Rf8 30. Nd5 fxg5 31. hxg5 gxf5 32. Qa7 fxe4 33. Rxf8 Kxf8 34. Ne3 Qc5 35. Qxc5+ Nxc5 36. Nxc4 Rg3+ 37. Kf1 Rxg5 38. Ra5 Rf5+ 39. Ke2 Nd3 40. Rxa6 Rf3 41. Rb6 h5 42. Rh6 Rh3 43. Nd6 Nf4+ 44. Kf2 e3+ 0-1

[Event "HUN-chT2 Szechenyi 1112"]
[Site "Hungary"]
[Date "2012.01.29"]
[Round "5.10"]
[White "Arany, Tamas"]
[Black "Domonkos, Tamas"]
[Result "0-1"]
[WhiteElo "1875"]
[BlackElo "1928"]
[PlyCount "44"]
[EventDate "2011.09.25"]
[EventType "team-tourn"]
[EventRounds "11"]
[EventCountry "HUN"]
[SourceTitle "EXT 2013"]
[Source "ChessBase"]
[SourceDate "2012.11.22"]
[SourceVersion "1"]
[SourceVersionDate "2012.11.22"]
[SourceQuality "1"]
[WhiteTeam "Arboretum"]
[BlackTeam "Tapolca"]
[WhiteTeamCountry "HUN"]
[BlackTeamCountry "HUN"]

1. e4 c6 2. Nc3 d5 3. Qf3 e6 4. d4 dxe4 5. Qxe4 Nf6 6. Qd3 Be7 7. Bg5 Nbd7 8. 0-0-0 b5 9. Nf3 h6 10. Bh4 0-0 11. h3 Nd5 12. Bxe7 Qxe7 13. Nxd5 exd5 14. g4 Nf6 15. Ne5 Qd6 16. f4 Ne4 17. Rh2 f5 18. Qf3 c5 19. dxc5 Qxc5 20. Qd3 fxg4 21. hxg4 Rxf4 22. Qxd5+ Qxd5 0-1

[Event "HUN-chT2 Szechenyi 1011"]
[Site "Hungary"]
[Date "2010.10.24"]
[Round "4.9"]
[White "Arany, Tamas"]
[Black "Magyar, Attila Andras"]
[Result "0-1"]
[WhiteElo "1883"]
[BlackElo "1777"]
[PlyCount "48"]
[EventDate "2010.09.12"]
[EventType "team-tourn"]
[EventRounds "11"]
[EventCountry "HUN"]
[SourceTitle "EXT 2012"]
[Source "ChessBase"]
[SourceDate "2011.11.24"]
[SourceVersion "1"]
[SourceVersionDate "2011.11.24"]
[SourceQuality "1"]
[WhiteTeam "Arboretum"]
[BlackTeam "Tapolca"]
[WhiteTeamCountry "HUN"]
[BlackTeamCountry "HUN"]

1. e4 c5 2. Nc3 d6 3. d3 Nc6 4. Be3 Nf6 5. f3 Qb6 6. Qc1 Be6 7. Nge2 d5 8. exd5 Nxd5 9. Nxd5 Bxd5 10. Nf4 Rd8 11. c4 Be6 12. Nxe6 fxe6 13. a3 g6 14. b4 Nd4 15. Bxd4 Rxd4 16. Rb1 Bg7 17. Be2 0-0 18. 0-0 Rh4 19. Kh1 Qd6 20. h3 Qg3 21. Qe1 Rxh3+ 22. gxh3 Qxh3+ 23. Kg1 Bd4+ 24. Rf2 Rf5 0-1

[Event "HUN-chT2 Szechenyi 1011"]
[Site "Hungary"]
[Date "2010.10.10"]
[Round "3.10"]
[White "Arany, Tamas"]
[Black "Gergacz, Daniel"]
[Result "1-0"]
[WhiteElo "1883"]
[BlackElo "1859"]
[PlyCount "99"]
[EventDate "2010.09.12"]
[EventType "team-tourn"]
[EventRounds "11"]
[EventCountry "HUN"]
[SourceTitle "EXT 2012"]
[Source "ChessBase"]
[SourceDate "2011.11.24"]
[SourceVersion "1"]
[SourceVersionDate "2011.11.24"]
[SourceQuality "1"]
[WhiteTeam "Arboretum"]
[BlackTeam "Sarvar"]
[WhiteTeamCountry "HUN"]
[BlackTeamCountry "HUN"]

1. e4 c5 2. Nc3 d6 3. d3 Nc6 4. Be3 Bd7 5. f4 Nf6 6. h3 Qc7 7. Nf3 e6 8. Be2 a6 9. 0-0 Be7 10. Qe1 h6 11. Qf2 b6 12. Rad1 0-0-0 13. d4 Kb7 14. a3 Rhf8 15. d5 Nb8 16. Rd2 exd5 17. exd5 Nh7 18. Bd3 f5 19. Re1 Bf6 20. Nd1 g5 21. c4 Rde8 22. Rde2 Rd8 23. b4 Bc8 24. bxc5 dxc5 25. Bd2 gxf4 26. Ne5 Nd7 27. Bxf4 Nxe5 28. Bxe5 Bxe5 29. Rxe5 Rf7 30. a4 Rdf8 31. Nc3 Ng5 32. Qc2 Ka8 33. a5 Ne4 34. d6 Nxd6 35. axb6 Qxb6 36. Nd5 Qd8 37. Qf2 Nb7 38. Qe3 f4 39. Qf3 Rg8 40. Bf1 Rg3 41. Qd1 Nd6 42. Qh5 f3 43. Kh2 f2 44. R1e2 Rb3 45. R2e3 Rb1 46. Qe2 Qa5 47. Qd3 Qa1 48. Ne7 Qd4 49. Qxb1 Nxc4 50. Nc6 1-0

[Event "HUN-chT2 Szechenyi 0910"]
[Site "Hungary"]
[Date "2010.02.28"]
[Round "7.9"]
[White "Saghy, Krisztian"]
[Black "Arany, Tamas"]
[Result "0-1"]
[WhiteElo "1807"]
[BlackElo "1918"]
[PlyCount "74"]
[EventDate "2009.11.08"]
[EventType "team-tourn"]
[EventRounds "11"]
[EventCountry "HUN"]
[SourceTitle "EXT 2011"]
[Source "ChessBase"]
[SourceDate "2010.11.26"]
[SourceVersion "1"]
[SourceVersionDate "2010.11.26"]
[SourceQuality "1"]
[WhiteTeam "FKMK"]
[BlackTeam "Arboretum"]
[WhiteTeamCountry "HUN"]
[BlackTeamCountry "HUN"]

1. d4 d5 2. Bf4 Nf6 3. e3 e6 4. a3 Bd6 5. Bg5 0-0 6. Bd3 c5 7. c3 Nbd7 8. Nf3 c4 9. Bc2 Qb6 10. Qc1 Qc7 11. Nbd2 h6 12. Bh4 b5 13. e4 dxe4 14. Nxe4 Nxe4 15. Bxe4 Bb7 16. Bxb7 Qxb7 17. 0-0 a5 18. Qe3 Rfe8 19. Ne5 Rac8 20. Qf3 Qxf3 21. Nxf3 Nb6 22. Nd2 Bb8 23. Ne4 f5 24. Nc5 g5 25. Rfe1 e5 26. Bxg5 hxg5 27. Nb7 a4 28. Rad1 e4 29. d5 Re7 30. Na5 Rd7 31. Nc6 Kg7 32. Nb4 Bd6 33. Nc6 Kf6 34. f3 Nxd5 35. Rxd5 Rxc6 36. Rxb5 e3 37. Ra5 Rb7 0-1

[Event "HUN-chT2 Szechenyi 0910"]
[Site "Hungary"]
[Date "2010.01.17"]
[Round "4.8"]
[White "Tasnadi, Gyula"]
[Black "Arany, Tamas"]
[Result "1-0"]
[WhiteElo "1847"]
[BlackElo "1918"]
[PlyCount "135"]
[EventDate "2009.11.08"]
[EventType "team-tourn"]
[EventRounds "11"]
[EventCountry "HUN"]
[SourceTitle "EXT 2011"]
[Source "ChessBase"]
[SourceDate "2010.11.26"]
[SourceVersion "1"]
[SourceVersionDate "2010.11.26"]
[SourceQuality "1"]
[WhiteTeam "Keszthely"]
[BlackTeam "Arboretum"]
[WhiteTeamCountry "HUN"]
[BlackTeamCountry "HUN"]

1. c4 Nf6 2. Nc3 g6 3. Nf3 d5 4. e3 Bg7 5. d4 0-0 6. Be2 Bg4 7. Qb3 dxc4 8. Qxc4 c6 9. h3 Be6 10. Qb4 Qc7 11. Ng5 Bc8 12. 0-0 a6 13. Qc4 h6 14. Nf3 b6 15. Qb3 Nbd7 16. Bd2 Bb7 17. Rac1 Qd8 18. Rfd1 b5 19. a3 e6 20. Be1 Qe7 21. Qc2 Rfc8 22. Ne4 Nxe4 23. Qxe4 Nf6 24. Qb1 Rd8 25. Ne5 Rd6 26. Nd3 Nd7 27. Bf3 e5 28. Nc5 Nxc5 29. dxc5 Rxd1 30. Bxd1 a5 31. Bf3 Rd8 32. Bxa5 Rd7 33. e4 Rd4 34. Bc3 Rd8 35. Bb4 Bc8 36. Rd1 Bf6 37. Rd6 Rxd6 38. cxd6 Qd8 39. Qc2 Bd7 40. Bg4 Bxg4 41. hxg4 Qd7 42. f3 Bg7 43. Qc5 Kf8 44. Qb6 Ke8 45. Qb8+ Qd8 46. Qb7 Bf6 47. Qxc6+ Qd7 48. Qa8+ Qd8 49. Qd5 Qd7 50. Bc3 Qa7+ 51. Kf1 Bh4 52. Qxe5+ Kd8 53. Bd4 Qa5 54. Bc3 Qa6 55. Bb4 Kd7 56. Qc5 Qc6 57. Qa7+ Ke6 58. Bc5 Bf6 59. Ke2 Qd7 60. Qa8 Bxb2 61. Qd5+ Kf6 62. Bd4+ Bxd4 63. Qxd4+ Ke6 64. Qd5+ Kf6 65. e5+ Kg7 66. Qc5 Qe6 67. Qd4 Qa2+ 68. Qd2 1-0

[Event "HUN-chT2 Szechenyi 0809"]
[Site "Hungary"]
[Date "2009.04.05"]
[Round "10.10"]
[White "Horvath, Reka"]
[Black "Arany, Tamas"]
[Result "1-0"]
[WhiteElo "1967"]
[BlackElo "1896"]
[PlyCount "101"]
[EventDate "2008.10.26"]
[EventType "team-tourn"]
[EventRounds "11"]
[EventCountry "HUN"]
[SourceTitle "EXT 2010"]
[Source "ChessBase"]
[SourceDate "2010.11.25"]
[SourceVersion "1"]
[SourceVersionDate "2010.11.25"]
[SourceQuality "1"]
[WhiteTeam "Haladas"]
[BlackTeam "Arboretum"]
[WhiteTeamCountry "HUN"]
[BlackTeamCountry "HUN"]

1. e4 c6 2. d4 d5 3. Nc3 dxe4 4. Nxe4 Nf6 5. Nxf6+ gxf6 6. Bf4 Bf5 7. Nf3 e6 8. Bd3 Bxd3 9. Qxd3 Bd6 10. Bg3 Qc7 11. Nd2 Nd7 12. Ne4 Bxg3 13. hxg3 f5 14. Ng5 Nf6 15. 0-0-0 0-0-0 16. Kb1 h6 17. Nh3 Kb8 18. Qf3 Qb6 19. c3 Rd7 20. Nf4 Ng4 21. Nd3 Rdd8 22. Rh4 Qc7 23. Rdh1 Qd7 24. Qf4+ Kc8 25. f3 e5 26. Nxe5 Nxe5 27. Qxe5 Rhe8 28. Qg7 Re2 29. Rxh6 Qd5 30. Rh8 Qc4 31. Rxd8+ Kxd8 32. Qf6+ Kc7 33. Qxf5 Rxg2 34. Re1 Kb6 35. Qc5+ Qxc5 36. dxc5+ Kxc5 37. Re7 Rxg3 38. Rxf7 Kb6 39. Kc2 a5 40. f4 Rf3 41. a4 Re3 42. f5 Re5 43. f6 Re6 44. Rf8 Kc5 45. f7 Re7 46. Kd3 Kb6 47. Kd4 c5+ 48. Kd5 Rc7 49. Ke6 Rc6+ 50. Ke7 Rc7+ 51. Kf6 1-0

[Event "HUN-chT2 Szechenyi 0708"]
[Site "Hungary"]
[Date "2007.12.09"]
[Round "4"]
[White "Arany, Tamas"]
[Black "Szittar, Antal"]
[Result "1/2-1/2"]
[WhiteElo "1905"]
[BlackElo "2078"]
[PlyCount "47"]
[EventDate "2007.10.14"]
[EventType "team"]
[EventRounds "11"]
[EventCountry "HUN"]
[SourceTitle "EXT 2009"]
[Source "ChessBase"]
[SourceDate "2008.11.26"]
[SourceVersion "1"]
[SourceVersionDate "2008.11.26"]
[SourceQuality "1"]
[WhiteTeam "Arboretum"]
[BlackTeam "Keszthely"]
[WhiteTeamCountry "HUN"]
[BlackTeamCountry "HUN"]

1. e4 e6 2. d4 d5 3. Nc3 Nf6 4. Bg5 Be7 5. e5 Nfd7 6. h4 a6 7. Qg4 Bxg5 8. hxg5 c5 9. g6 fxg6 10. Qxe6+ Qe7 11. Qxe7+ Kxe7 12. Nxd5+ Kd8 13. dxc5 Nxe5 14. 0-0-0 Nbd7 15. f4 Ng4 16. Rh4 Ngf6 17. Bc4 Nxd5 18. Bxd5 Kc7 19. b4 Nf6 20. Nf3 Bg4 21. Rd2 Rad8 22. c4 Bxf3 23. Bxf3 Rxd2 24. Kxd2 1/2-1/2

[Event "HUN-chT2 Szechenyi 0708"]
[Site "Hungary"]
[Date "2007.11.11"]
[Round "2"]
[White "Arany, Tamas"]
[Black "Gyarmati, Janos"]
[Result "0-1"]
[WhiteElo "1905"]
[BlackElo "2038"]
[PlyCount "66"]
[EventDate "2007.10.14"]
[EventType "team"]
[EventRounds "11"]
[EventCountry "HUN"]
[SourceTitle "EXT 2009"]
[Source "ChessBase"]
[SourceDate "2008.11.26"]
[SourceVersion "1"]
[SourceVersionDate "2008.11.26"]
[SourceQuality "1"]
[WhiteTeam "Arboretum"]
[BlackTeam "Tapolca Szeremley"]
[WhiteTeamCountry "HUN"]
[BlackTeamCountry "HUN"]

1. e4 d5 2. exd5 Nf6 3. Nc3 Nxd5 4. Nxd5 Qxd5 5. Nf3 Bg4 6. Be2 Nc6 7. 0-0 0-0-0 8. c3 e5 9. Nxe5 Bxe2 10. Qxe2 Qxe5 11. Qf3 Qd5 12. Qxd5 Rxd5 13. d4 Rd8 14. Be3 Ne7 15. Rad1 Nf5 16. Bc1 c6 17. Rfe1 Bd6 18. Re2 Rhe8 19. Rc2 Kb8 20. h3 Bc7 21. Kf1 h5 22. b3 f6 23. g3 Re4 24. Kg2 g5 25. Kf3 Re6 26. Rdd2 Kc8 27. Bb2 Rde8 28. Re2 Rxe2 29. Rxe2 Rxe2 30. Kxe2 h4 31. g4 Ne7 32. Kf3 Ng6 33. Kg2 Nf4+ 0-1

[Event "HUN-chT2 Szechenyi 0607"]
[Site "Hungary"]
[Date "2006.11.12"]
[Round "1"]
[White "Arany, Tamas"]
[Black "Toth, Szabolcs"]
[Result "1/2-1/2"]
[WhiteElo "1925"]
[BlackElo "2050"]
[PlyCount "48"]
[EventDate "2006.11.12"]
[EventType "team"]
[EventRounds "11"]
[EventCountry "HUN"]
[SourceTitle "EXT 2008"]
[Source "ChessBase"]
[SourceDate "2007.11.25"]
[SourceVersion "1"]
[SourceVersionDate "2007.11.25"]
[SourceQuality "1"]
[WhiteTeam "Arboretum"]
[BlackTeam "Kertvaros"]
[WhiteTeamCountry "HUN"]
[BlackTeamCountry "HUN"]

1. e4 e5 2. d4 exd4 3. c3 d5 4. Qxd4 dxe4 5. Qxe4+ Qe7 6. Qxe7+ Bxe7 7. Bf4 c6 8. Nd2 Nf6 9. h3 h6 10. Ngf3 Bf5 11. Bc4 Nbd7 12. Ne5 Nxe5 13. Bxe5 0-0 14. 0-0 Rfd8 15. Nb3 Rd7 16. Rfe1 Rad8 17. Bf4 g5 18. Be3 b5 19. Be2 Be4 20. Nc5 Bxc5 21. Bxc5 a6 22. Bd4 Kg7 23. Bxf6+ Kxf6 24. Bg4 Re7 1/2-1/2

[Event "HUN-chT2 Szechenyi 0506"]
[Site "Hungary"]
[Date "2006.03.19"]
[Round "9"]
[White "Kovacs, Robert"]
[Black "Arany, Tamas"]
[Result "1-0"]
[WhiteElo "2165"]
[BlackElo "1931"]
[PlyCount "71"]
[EventDate "2005.10.16"]
[EventType "team"]
[EventRounds "11"]
[EventCountry "HUN"]
[SourceTitle "EXT 2009"]
[Source "ChessBase"]
[SourceDate "2008.11.26"]
[SourceVersion "1"]
[SourceVersionDate "2008.11.26"]
[SourceQuality "1"]
[WhiteTeam "Lenti"]
[BlackTeam "Arboretum"]
[WhiteTeamCountry "HUN"]
[BlackTeamCountry "HUN"]

1. e4 c6 2. d4 d5 3. e5 Bf5 4. Bd3 Bxd3 5. Qxd3 e6 6. c3 Nd7 7. b3 Qa5 8. Ne2 c5 9. 0-0 cxd4 10. cxd4 a6 11. Bd2 Qd8 12. f4 g6 13. Nbc3 Ne7 14. Ng3 Nf5 15. Nxf5 gxf5 16. Qg3 Qe7 17. Rfc1 f6 18. Na4 Qg7 19. Qf2 Be7 20. Rc7 b5 21. Nb2 Rd8 22. Ra7 0-0 23. Ba5 fxe5 24. Bxd8 Bxd8 25. fxe5 Bb6 26. Rxa6 Qg4 27. Rd1 Qe4 28. a4 Rc8 29. a5 Bd8 30. Rxe6 Bh4 31. g3 Bg5 32. Qg2 Qe3+ 33. Kh1 Qxb3 34. Rd6 Rc2 35. Qxd5+ Qxd5+ 36. Rxd5 1-0

[Event "HUN-chT2 Szechenyi 0304"]
[Site "Hungary"]
[Date "2004.04.18"]
[Round "11"]
[White "Toth, Laszlo2222"]
[Black "Arany, Tamas"]
[Result "1/2-1/2"]
[WhiteElo "2024"]
[BlackElo "1867"]
[PlyCount "80"]
[EventDate "2003.09.28"]
[EventType "team"]
[EventRounds "11"]
[EventCountry "HUN"]
[SourceTitle "EXT 2009"]
[Source "ChessBase"]
[SourceDate "2008.11.26"]
[SourceVersion "1"]
[SourceVersionDate "2008.11.26"]
[SourceQuality "1"]
[WhiteTeam "Lovo"]
[BlackTeam "Arboretum"]
[WhiteTeamCountry "HUN"]
[BlackTeamCountry "HUN"]

1. d4 d5 2. c4 e5 3. e3 exd4 4. Qxd4 Nf6 5. cxd5 Qxd5 6. Nf3 Nc6 7. Qxd5 Nxd5 8. a3 g6 9. Bb5 Bd7 10. 0-0 Bg7 11. Rd1 Nb6 12. Nc3 a6 13. Be2 0-0 14. Bd2 Be6 15. b4 Rfd8 16. Be1 Bb3 17. Rxd8+ Rxd8 18. Rb1 Bc4 19. Kf1 Bxe2+ 20. Kxe2 Nc4 21. a4 Na3 22. Rb2 Nc4 23. Rb3 N6e5 24. Nxe5 Bxe5 25. g3 Bxc3 26. Bxc3 b5 27. axb5 axb5 28. Rb1 Ra8 29. Rd1 Kf8 30. Rd7 Rc8 31. Rd4 Ke8 32. Rh4 h5 33. g4 hxg4 34. Rxg4 c5 35. Re4+ Kd7 36. bxc5 Rxc5 37. Bb4 Re5 38. Rf4 Ke6 39. Bc3 Rh5 40. h4 Rd5 1/2-1/2